000 01468nam a2200325 i 4500
003 DO-SdBNP
005 20250812114534.0
007 ta
008 250812b2025 dr o|||| |||| 00| 0 spa d
020 _a9789945291896
040 _aDO-SdBNP
_bspa
_cBNPHU
_erda
041 _aspa
082 _axxx
_bR173
_222
100 _aRamírez Cruz, Claudio E.,
_d1978 -
_eautor
_4aut.
_981070
245 1 0 _aGobernabilidad, gobernanza, ética empresarial, servicio y tecnología /
_cClaudio E. Ramírez Cruz ; prólogo, Alberto Mora Portuguez
246 1 _aGobernabilidad, gobernanza, ética empresarial, servicio y tecnología :
_bherramientas esenciales para una cooperativa exitosa /
250 _aPrimera edición
264 4 _aSanto Domingo :
_bPublicaciones Libertad,
_c2025.
300 _a112 Páginas :
_bfotografía
_c23 cm.
336 _atexto
_btxt
_2rdacontent
337 _asin mediación
_bn
_2rdamedia
338 _avolumen
_bnc
_2rdacarrier
500 _aIncluye datos biografícos del autor en las páginas 5-6.
504 _aBibliografía p: 111
520 _aEsta obra tiene un contenido orientado a crear las estrategias que permitan el desarrollo de las empresas cooperativas, así como también la presentación de herramientas que servirán de soporte a las personas que administren dichas empresas.
590 _aInventariado, 2025/ YL
700 _aMora Portuguez, Alberto
_eprologuista
_4pr.
_988488
910 _aYlockward
942 _2ddc
_cLBS1
999 _c59771
_d59771